<?xml version="1.0" encoding="UTF-8"?>
<record
    xmlns:xsi="http://www.w3.org/2001/XMLSchema-instance"
    xsi:schemaLocation="http://www.loc.gov/MARC21/slim http://www.loc.gov/standards/marcxml/schema/MARC21slim.xsd"
    xmlns="http://www.loc.gov/MARC21/slim">

  <leader>01153nam a22002177a 4500</leader>
  <controlfield tag="005">20240220094631.0</controlfield>
  <controlfield tag="008">240125b           ||||| |||| 00| 0 eng d</controlfield>
  <datafield tag="020" ind1=" " ind2=" ">
    <subfield code="a">9781118897102</subfield>
  </datafield>
  <datafield tag="040" ind1=" " ind2=" ">
    <subfield code="c">AL</subfield>
  </datafield>
  <datafield tag="041" ind1=" " ind2=" ">
    <subfield code="a">eng</subfield>
  </datafield>
  <datafield tag="082" ind1=" " ind2=" ">
    <subfield code="2">23</subfield>
    <subfield code="a">615.854</subfield>
    <subfield code="b">LAWD</subfield>
  </datafield>
  <datafield tag="100" ind1=" " ind2=" ">
    <subfield code="a">Judy Lawrence</subfield>
    <subfield code="9">149044</subfield>
  </datafield>
  <datafield tag="245" ind1=" " ind2=" ">
    <subfield code="a">Dietetic and nutrition</subfield>
    <subfield code="b">: case studies</subfield>
  </datafield>
  <datafield tag="260" ind1=" " ind2=" ">
    <subfield code="a">Chichester</subfield>
    <subfield code="b">John Wiley &amp; Co.</subfield>
    <subfield code="c">2016</subfield>
  </datafield>
  <datafield tag="300" ind1=" " ind2=" ">
    <subfield code="a">xix,366p.</subfield>
    <subfield code="b">PB</subfield>
    <subfield code="c">23x15cm.</subfield>
  </datafield>
  <datafield tag="365" ind1=" " ind2=" ">
    <subfield code="2">General</subfield>
    <subfield code="a">VBI-2021</subfield>
    <subfield code="b">&#x20B9;5192.00</subfield>
    <subfield code="c">&#x20B9;</subfield>
    <subfield code="d">&#x20B9;3894.00</subfield>
    <subfield code="e">25%</subfield>
    <subfield code="f">16-01-2024</subfield>
  </datafield>
  <datafield tag="520" ind1=" " ind2=" ">
    <subfield code="a">The ideal companion resource to &#x2018;Manual of Dietetic Practice&#x2019;, this book takes a problem-based learning approach to dietetics and nutrition with cases written and peer reviewed by registered dietitians, drawing on their own experiences and specialist knowledge
Each case study follows the Process for Nutrition and Dietetic Practice published by the British Dietetic Association in 2012
Includes case studies in public health, an increasingly important area of practice.</subfield>
  </datafield>
  <datafield tag="650" ind1=" " ind2=" ">
    <subfield code="2"> Pharmacology and therapeutics</subfield>
    <subfield code="a">Medicine and Health</subfield>
    <subfield code="9">149045</subfield>
  </datafield>
  <datafield tag="700" ind1=" " ind2=" ">
    <subfield code="a">Douglas, Pauline; Gandy, Joan</subfield>
    <subfield code="9">149046</subfield>
  </datafield>
  <datafield tag="942" ind1=" " ind2=" ">
    <subfield code="2">ddc</subfield>
    <subfield code="c">BK</subfield>
  </datafield>
  <datafield tag="999" ind1=" " ind2=" ">
    <subfield code="c">229681</subfield>
    <subfield code="d">229681</subfield>
  </datafield>
  <datafield tag="952" ind1=" " ind2=" ">
    <subfield code="0">0</subfield>
    <subfield code="1">0</subfield>
    <subfield code="2">ddc</subfield>
    <subfield code="4">0</subfield>
    <subfield code="7">0</subfield>
    <subfield code="8">FSND</subfield>
    <subfield code="a">SACPG</subfield>
    <subfield code="b">SACPG</subfield>
    <subfield code="d">2024-01-23</subfield>
    <subfield code="e">Vidyarthi Books</subfield>
    <subfield code="g">3894.00</subfield>
    <subfield code="l">0</subfield>
    <subfield code="o">615.854 LAWD</subfield>
    <subfield code="p">PG024596</subfield>
    <subfield code="r">2024-01-25 00:00:00</subfield>
    <subfield code="v">5192.00</subfield>
    <subfield code="w">2024-01-25</subfield>
    <subfield code="y">BK</subfield>
  </datafield>
  <datafield tag="952" ind1=" " ind2=" ">
    <subfield code="0">0</subfield>
    <subfield code="1">0</subfield>
    <subfield code="2">ddc</subfield>
    <subfield code="4">0</subfield>
    <subfield code="7">0</subfield>
    <subfield code="8">FSND</subfield>
    <subfield code="a">SACPG</subfield>
    <subfield code="b">SACPG</subfield>
    <subfield code="d">2024-01-23</subfield>
    <subfield code="e">Vidyarthi Books</subfield>
    <subfield code="g">3894.00</subfield>
    <subfield code="l">0</subfield>
    <subfield code="o">615.854 LAWD</subfield>
    <subfield code="p">PG024597</subfield>
    <subfield code="r">2024-01-25 00:00:00</subfield>
    <subfield code="v">5192.00</subfield>
    <subfield code="w">2024-01-25</subfield>
    <subfield code="y">BK</subfield>
  </datafield>
</record>
